NBA Finals MVP's since 2000 - Statistics

General Stats
  • This quiz has been taken 55 times
  • The average score is 22 of 23
Answer Stats
Hint Answer % Correct
2010 Kobe Bryant
100%
2009 Kobe Bryant
100%
2020 LeBron James
100%
2016 LeBron James
100%
2013 LeBron James
100%
2012 LeBron James
100%
2022 Stephen Curry
100%
2002 Shaquille O'Neal
98%
2000 Shaquille O'Neal
98%
2006 Dwyane Wade
96%
2019 Kawhi Leonard
96%
2014 Kawhi Leonard
96%
2018 Kevin Durant
96%
2017 Kevin Durant
96%
2011 Dirk Nowitzki
94%
2021 Giannis Antetokounmpo
94%
2005 Tim Duncan
92%
2003 Tim Duncan
92%
2015 Andre Iguodala
90%
2008 Paul Pierce
86%
2007 Tony Parker
86%
2004 Chauncey Billups
74%
2001 Shaquille O'Neal
70%
No matching quizzes found
Score Distribution
Percent of People with Each Score
Percentile by Number Answered
Your Score History
You have not taken this quiz